000 00932nam a22003137a 4500
003 CHAP
005 20220817041651.0
008 971013s1977 r 00010 d
010 _a21060
011 _a22032
035 _a26124
040 _cCHAP
082 _a335.4
_bA7
100 0 0 _aArtemova, L.
_97745
245 _aEstudios sobre la efectividad de la producción social
260 _aLa Habana :
_bEd. Ciencias Socialres,
_c1977
300 _a144 p
490 _aTeoría económica
590 _aBATCH-UPD
_b10
_c20130110
_lUCH01
_h1002
590 _aBATCH-UPD
_b10
_c20130410
_lUCH01
_h0613
590 _aBATCH-UPD
_b10
_c20130914
_lUCH01
_h0611
590 _aCONVERSION
_b10
_c20130109
_lUCH01
_h1312
650 1 4 _aDesarrollo económico.
650 1 4 _aSocialismo.
_9108040
830 _aTeoría económica
_9112312
901 _aBK
942 _cLIBRO
949 _a335.4 A7
_bBC
_cLIBRO
_d-60325
_eLIBRO
_h60859
_i26124
_mD
_si
999 _c21060
_d21060